| 000 | 00628nam a2200205Ia 4500 | ||
|---|---|---|---|
| 003 | OSt | ||
| 005 | 20200813110931.0 | ||
| 008 | 190216s9999||||xx |||||||||||||| ||und|| | ||
| 020 | _a9788129702630 | ||
| 020 | _a9788177589573 | ||
| 040 | _coclc | ||
| 082 |
_a547 _bFUR/V |
||
| 100 |
_aFurniss, Brian S _94096 |
||
| 245 | 0 |
_aVogel's Textbook Of Practical Organic Chemistry / _cBrian S Furniss ; A J Hannaford ; P W G Smith ; A R Tatchell |
|
| 250 | _a5th Ed. | ||
| 260 |
_bPearson Education Asia, _aDelhi: _c2005. |
||
| 300 | _a1514p | ||
| 650 | _aChemistry | ||
| 942 |
_cBK _2ddc _h547 _iFUR/V _k547 _mFUR/V |
||
| 999 |
_c3255 _d3255 |
||